Portugal in der Europäischen Gemeinschaft Chancen für ausländische Investoren

Salvato in:
Dettagli Bibliografici
Autore principale: Eichner Lemos Lisboa, Sabine de
Natura: Libro
Lingua:tedesco
Pubblicazione: Frankfurt am Main Lang 1989
Edizione:1. Aufl.
Soggetti:
Tags: Aggiungi Tag
Nessun Tag, puoi essere il primo ad aggiungerne!!

MARC

LEADER 00000nam a2200000 4500
001 c000568
005 20221215125434.7
020 |a 3-631-41960-0 
041 0 |a ger 
044 |a DE 
245 1 0 |a Portugal in der Europäischen Gemeinschaft  |b Chancen für ausländische Investoren  |c Sabine de Eichner Lemos Lisboa 
250 |a 1. Aufl. 
264 1 |a Frankfurt am Main  |b Lang  |c 1989 
300 |a 240 s.  |e príl. 
610 2 0 |a Európske spoločenstvá 
610 2 0 |a Portugalsko 
610 2 0 |a únie colné 
610 2 0 |a investície zahraničné 
610 2 0 |a pohyb kapitálu 
610 2 0 |a vývoz kapitálu 
610 2 0 |a dovoz kapitálu 
100 1 |a Eichner Lemos Lisboa, Sabine de